Score 0/105 Timer 05:00
1 Play Today
Year Team % Correct
2011/12Arsenal
99.6%
2010/11Arsenal
99.6%
2009/10Arsenal
99.6%
2008/09Arsenal
99.6%
2007/08Arsenal
99.6%
2006/07Arsenal
99.6%
2005/06Arsenal
99.6%
2004/05Arsenal
99.6%
2003/04Arsenal
99.6%
2002/03Arsenal
99.6%
2001/02Arsenal
99.6%
2000/01Arsenal
99.6%
1999/00Arsenal
99.6%
1998/9Arsenal
99.6%
1997/8Arsenal
99.6%
1996/7Arsenal
99.6%
1995/6Arsenal
99.6%
1993/4Arsenal
99.6%
2012/13Arsenal
99.6%
2010/11Chelsea
99.3%
2009/10Chelsea
99.3%
2008/09Chelsea
99.3%
2008/09Liverpool
99.3%
2007/08Liverpool
99.3%
2007/08Chelsea
99.3%
2006/07Liverpool
99.3%
2006/07Chelsea
99.3%
2005/06Liverpool
99.3%
2005/06Chelsea
99.3%
2004/05Liverpool
99.3%
2004/05Chelsea
99.3%
2003/04Liverpool
99.3%
2003/04Chelsea
99.3%
2002/03Liverpool
99.3%
2002/03Chelsea
99.3%
Year Team % Correct
2001/02Liverpool
99.3%
2000/01Liverpool
99.3%
1999/00Chelsea
99.3%
1999/00Liverpool
99.3%
1998/9Chelsea
99.3%
1997/8Chelsea
99.3%
1997/8Liverpool
99.3%
1996/7Liverpool
99.3%
1995/6Liverpool
99.3%
1994/5Liverpool
99.3%
2012/13Chelsea
99.3%
2011/12Manchester United
99.1%
2011/12Manchester City
99.1%
2010/11Manchester City
99.1%
2010/11Manchester United
99.1%
2009/10Manchester City
99.1%
2009/10Manchester United
99.1%
2008/09Manchester United
99.1%
2007/08Manchester United
99.1%
2006/07Manchester United
99.1%
2005/06Manchester United
99.1%
2004/05Manchester United
99.1%
2003/04Manchester United
99.1%
2002/03Manchester United
99.1%
2001/02Manchester United
99.1%
2000/01Manchester United
99.1%
1999/00Manchester United
99.1%
1998/9Manchester United
99.1%
1997/8Manchester United
99.1%
1996/7Manchester United
99.1%
1995/6Manchester United
99.1%
1994/5Manchester United
99.1%
1993/4Manchester United
99.1%
1992/3Manchester United
99.1%
2012/13Manchester United
99.1%
Year Team % Correct
2012/13Manchester City
99.1%
2008/09Everton
95.9%
2007/08Everton
95.9%
2004/05Everton
95.9%
2011/12Tottenham Hotspur
91.1%
2010/11Tottenham Hotspur
91.1%
2009/10Tottenham Hotspur
91.1%
2006/07Tottenham Hotspur
91.1%
2005/06Tottenham Hotspur
91.1%
2012/13Tottenham Hotspur
91.1%
1994/5Blackburn Rovers
89.1%
1993/4Blackburn Rovers
89.1%
1992/3Blackburn Rovers
89.1%
2011/12Newcastle United
88.7%
2003/04Newcastle United
88.7%
2002/03Newcastle United
88.7%
2001/02Newcastle United
88.7%
1996/7Newcastle United
88.7%
1995/6Newcastle United
88.7%
1993/4Newcastle United
88.7%
1996/7Aston Villa
88.5%
1995/6Aston Villa
88.5%
1992/3Aston Villa
88.5%
2001/02Leeds United
82.6%
2000/01Leeds United
82.6%
1999/00Leeds United
82.6%
1998/9Leeds United
82.6%
1997/8Leeds United
82.6%
1994/5Leeds United
82.6%
1993/4Leeds United
82.6%
1994/5Nottingham Forest
60.7%
1992/3Norwich City
60.2%
1998/9West Ham United
59.6%
2000/01Ipswich Town
50.9%
1992/3Queens Park Rangers
47%

You're not logged in!

Compare scores with friends on all Sporcle quizzes.
OR
Log In

Sporcle TV

Today on Sporcle TV


Watch our educational content, quiz creation guides, and fun videos on Sporcle TV.

Show Comments

Extras

Top Quizzes Today


Score Distribution

Paid Content

Your Account Isn't Verified!

In order to create a playlist on Sporcle, you need to verify the email address you used during registration. Go to your Sporcle Settings to finish the process.

Report this User

Report this user for behavior that violates our Community Guidelines.

Details: